Państwa najbliższe Palau - Statystyki

Ogólne statystyki
  • Ten quiz został rozwiązany 131 razy
    130 od ostatniego zresetowania
  • Średni wynik to 16 z 20
Statystyki odpowiedzi
km Państwo % Poprawnych
256 Indonezja
95%
1 554 Australia
91%
106 Mikronezja
91%
2 467 Chiny
90%
1 338 Malezja
90%
662 Filipiny
89%
3 213 Wyspy Marshalla
85%
2 126 Japonia
83%
2 170 Tajwan
83%
2 804 Wietnam
83%
3 405 Nauru
82%
2 996 Kambodża
80%
3 033 Laos
80%
2 679 Wyspy Salomona
80%
1 334 Timor Wschodni
77%
1 756 Brunei
76%
3 161 Singapur
76%
2 909 Korea Południowa
75%
3 392 Korea Północna
70%
926 Stany Zjednoczone (Guam)
68%
Nie znaleziono quizów pasujących do podanych kryteriów
Rozkład punktacji
Procent ludzi z każdym wynikiem
Percentyl według liczby udzielonych odpowiedzi
Twoja historia wyników
Nie rozwiązałeś tego quizu od ostatniego zresetowania